Vingt plus grandes villes en France - Statistiques

Statistiques générales
  • Ce quiz a été pris 341 fois
  • Le résultat moyen est 16 sur 20
Statistiques - réponses
Réponse % Correct
Marseille
99%
Paris
99%
Lyon
98%
Bordeaux
97%
Lille
97%
Nice
95%
Toulouse
95%
Nantes
93%
Strasbourg
93%
Rennes
90%
Montpellier
84%
Grenoble
71%
Toulon
71%
Dijon
70%
Saint-Étienne
70%
Reims
65%
Le Havre
64%
Angers
55%
Saint-Denis
38%
Villeurbanne
38%
Aucun quiz correspondant
Distribution des résultats
% des personnes avec chaque résultat
Percentile par nombre de réponses
Votre historique - résultats
Vous n’avez pas pris ce quiz